000 00967nam a2200229Ia 4500
003 OSt
005 20220923221243.0
006 a|||||r|||| 00| 0
007 ta
008 220922b |||||||| |||| 00| 0 hin d
024 _a195,982
037 _cTextual
040 _aARTS
_cARTS
_bhin
041 _2hin
_ahin
082 _aP15:Cx5:2, 152K4
100 _aहेमचंद्र; शास्त्री, नेमिचन्द्र; शास्त्री, हरगोविन्द, ब्उण्
_9165242
245 0 _aअभिधान चिन्तामणि
246 _aAbhidhān chintāmaṇi
490 _aविद्याभवन संस्कृत ग्रंथमाला,109
942 _hP15:Cx5:2, 152K4
_cTEXL
_2CC
999 _c348073
_d348073